|
|
|
|
| LEADER |
00000nam a2200000Ia 4500 |
| 008 |
170622b2002 cr ||||| |||| 00| | spa d |
| 999 |
|
|
|c 755
|d 755
|
| 020 |
|
|
|a 9968100234
|
| 090 |
|
|
|a 06.03.06
|b 423
|
| 100 |
1 |
|
|a Peréz Córdoba, Rafael Ángel
|9 2576
|
| 245 |
1 |
3 |
|a El constructivismo en los espacios educativos /
|c Rafel Angel Pérez Córdoba
|
| 260 |
|
|
|a San José, Costa Rica :
|b CECC,
|c 2002
|
| 300 |
|
|
|a 92 páginas
|
| 490 |
|
|
|a Colección Pedagógica Formación Inicial de Docentes Centroamericanos de Educación Primaria o Básica,
|v 5
|
| 650 |
1 |
4 |
|a EDUCACIÓN PRIMARIA
|9 367
|
| 650 |
1 |
4 |
|a CONSTRUCTIVISMO (EDUCACIÓN)
|9 419
|
| 650 |
1 |
4 |
|a PSICOLOGÍA DE LA EDUCACIÓN
|9 625
|
| 651 |
|
4 |
|a AMÉRICA CENTRAL
|9 457
|
| 942 |
|
|
|i 00685
|h 06.03.06 423
|2 z
|c 01
|